[Event "Bayern-chTT (LL Nord)"]
[Site "Bayern 2008/09"]
[Date "2009.03.01"]
[Round "7.3"]
[White "Cedikova, Katerina"]
[Black "Haag, Wolfgang"]
[Result "0-1"]
[WhiteElo "2126"]
[BlackElo "2160"]
[PlyCount "92"]
[EventDate "2009.03.??"]
[EventType "team-tourn"]
[EventRounds "9"]
[WhiteTeam "Kötzting 1"]
[BlackTeam "Schweinfurt 1"]

1. d4 Nf6 2. c4 g6 3. Nc3 Bg7 4. e4 d6 5. f3 O-O 6. Be3 b6 7. Qd2 c5 8. Nge2
Nc6 9. d5 Ne5 10. Ng3 e6 11. Be2 exd5 12. cxd5 a6 13. a4 h5 14. O-O h4 15. Nh1
Nh7 16. Nf2 f5 17. h3 Ra7 18. Rfe1 Raf7 19. f4 Nd7 20. Bf3 Bh6 21. e5 dxe5 22.
fxe5 f4 23. Ng4 fxe3 24. Nxh6+ Kg7 25. Qxe3 Rxf3 26. gxf3 Ng5 27. e6 Nxf3+ 28.
Kh1 Qc7 29. Ng4 Qg3 30. Re2 Qxh3+ 31. Nh2 Nde5 32. Rf1 Rf5 33. Rxf3 Nxf3 34. e7
Bd7 35. e8=Q Bxe8 36. Qxe8 Nxh2 37. Re7+ Kh6 38. Qh8+ Kg5 39. Ne4+ Kg4 40. Nf2+
Rxf2 41. Re4+ Kg5 42. Qe5+ Qf5 43. Qe7+ Qf6 44. Re5+ Kg4 45. Re4+ Kh3 46. Re3+
Nf3 0-1

[Event "Bayern-chTT (LL Nord)"]
[Site "Bayern 2008/09"]
[Date "2009.03.01"]
[Round "7.4"]
[White "Huemmer, Bernd"]
[Black "Sott, Pavel"]
[Result "1/2-1/2"]
[WhiteElo "2145"]
[BlackElo "2116"]
[PlyCount "39"]
[EventDate "2009.03.??"]
[EventType "team-tourn"]
[EventRounds "9"]
[WhiteTeam "Schweinfurt 1"]
[BlackTeam "Kötzting 1"]

1. c4 Nf6 2. Nc3 c5 3. Nf3 g6 4. g3 Bg7 5. Bg2 O-O 6. d4 cxd4 7. Nxd4 Nc6 8.
O-O Qb6 9. Ndb5 a6 10. Qa4 Rb8 11. Na3 d6 12. Rb1 Be6 13. Nd5 Bxd5 14. cxd5 Qb4
15. Qd1 Ne5 16. Bd2 Qb6 17. Be3 Qb4 18. Bd2 Qb6 19. Be3 Qb4 20. Bd2 1/2-1/2

[Event "Bayern-chTT (LL Nord)"]
[Site "Bayern 2008/09"]
[Date "2009.03.01"]
[Round "7.5"]
[White "Muehlbauer, Gerhard"]
[Black "Oechslein, Rainer"]
[Result "1/2-1/2"]
[WhiteElo "1973"]
[BlackElo "2128"]
[PlyCount "67"]
[EventDate "2009.03.??"]
[EventType "team-tourn"]
[EventRounds "9"]
[WhiteTeam "Kötzting 1"]
[BlackTeam "Schweinfurt 1"]

1. e4 c5 2. Nf3 d6 3. d4 cxd4 4. Nxd4 Nf6 5. Nc3 a6 6. Be3 e5 7. Nb3 Be6 8. Be2
Be7 9. f4 exf4 10. Bxf4 Nc6 11. O-O O-O 12. Kh1 Ne5 13. Qd4 Qc7 14. Rac1 Nc4
15. Nd5 Bxd5 16. exd5 b5 17. Nd2 Rac8 18. b3 Nxd2 19. Bxd2 Qc5 20. Qxc5 Rxc5
21. c4 bxc4 22. bxc4 Rb8 23. Rb1 Rcc8 24. Bd3 g6 25. Rbe1 Bd8 26. Bc3 Nd7 27.
Re8+ Nf8 28. Re2 Bb6 29. Rb2 Bc5 30. Rfb1 Rxb2 31. Rxb2 Re8 32. Re2 Rxe2 33.
Bxe2 Nd7 34. g3 1/2-1/2

[Event "Bayern-chTT (LL Nord)"]
[Site "Bayern 2008/09"]
[Date "2009.03.01"]
[Round "7.6"]
[White "Seidens, Udo"]
[Black "Priborsky, Marek"]
[Result "1-0"]
[WhiteElo "2127"]
[BlackElo "2170"]
[PlyCount "81"]
[EventDate "2009.03.??"]
[EventType "team-tourn"]
[EventRounds "9"]
[WhiteTeam "Schweinfurt 1"]
[BlackTeam "Kötzting 1"]

1. c4 g6 2. Nc3 Bg7 3. g3 Nf6 4. Bg2 O-O 5. e3 e5 6. Nge2 d6 7. O-O Nc6 8. Rb1
Be6 9. Nd5 Qd7 10. f4 Ne8 11. b4 Nd8 12. e4 f5 13. d3 c6 14. Ne3 Nf7 15. b5 Nf6
16. exf5 gxf5 17. d4 exd4 18. Nxd4 Ne4 19. Bxe4 fxe4 20. f5 Bxd4 21. Qxd4 Ne5
22. fxe6 Rxf1+ 23. Nxf1 Nf3+ 24. Kg2 Qxe6 25. Qc3 Rf8 26. Bb2 Ne5 27. Ne3 Rf3
28. Rf1 Qh6 29. Rxf3 exf3+ 30. Kg1 Qg6 31. bxc6 bxc6 32. c5 Qb1+ 33. Nf1 f2+
34. Kg2 Qxa2 35. cxd6 Qd5+ 36. Kxf2 Nd3+ 37. Kg1 Nxb2 38. Qxb2 Qc5+ 39. Qf2
Qxd6 40. Qxa7 c5 41. Qa2+ 1-0

[Event "Bayern-chTT (LL Nord)"]
[Site "Bayern 2008/09"]
[Date "2009.03.01"]
[Round "7.7"]
[White "Graf, Eduard"]
[Black "Rink, Christian"]
[Result "0-1"]
[WhiteElo "1863"]
[BlackElo "2063"]
[PlyCount "106"]
[EventDate "2009.03.??"]
[EventType "team-tourn"]
[EventRounds "9"]
[WhiteTeam "Kötzting 1"]
[BlackTeam "Schweinfurt 1"]

1. c4 Nf6 2. Nc3 g6 3. g3 Bg7 4. Bg2 O-O 5. Nf3 d6 6. d4 Nc6 7. O-O a6 8. e4
Rb8 9. Bg5 h6 10. Be3 Ng4 11. Qd2 Nxe3 12. Qxe3 Bg4 13. Rad1 Qc8 14. Nd5 Re8
15. Rd2 e6 16. Nc3 e5 17. dxe5 dxe5 18. Nd5 Be6 19. Qc5 Kh8 20. a3 Bg4 21. Qe3
Kg8 22. b4 Bxf3 23. Bxf3 Nd4 24. Bg2 b6 25. h4 c6 26. Nc3 Qe6 27. Rb1 Qxc4 28.
Bf1 Qe6 29. Kg2 b5 30. Ne2 Rbc8 31. Qc3 h5 32. Kh2 Qg4 33. Bh3 Nf3+ 34. Kg2
Nxh4+ 35. Kh2 Qxe4 36. gxh4 Qxb1 37. Bxc8 Rxc8 38. Ng3 e4 39. Qe3 Be5 40. Kg2
Bxg3 41. fxg3 Re8 42. Rd7 Qc2+ 43. Kg1 Qc4 44. Kg2 Qe6 45. Rd4 Kg7 46. Qc3 Qe5
47. Qe3 c5 48. Rd7 c4 49. g4 hxg4 50. Qa7 Qf6 51. h5 gxh5 52. Qc5 e3 53. Rd5
Kg6 0-1

[Event "Bayern-chTT (LL Nord)"]
[Site "Bayern 2008/09"]
[Date "2009.03.01"]
[Round "7.8"]
[White "Ehrler, Eberhard"]
[Black "Muehlbauer, Wolfgang sr(67)"]
[Result "1/2-1/2"]
[WhiteElo "2077"]
[BlackElo "1855"]
[PlyCount "45"]
[EventDate "2009.03.??"]
[EventType "team-tourn"]
[EventRounds "9"]
[WhiteTeam "Schweinfurt 1"]
[BlackTeam "Kötzting 1"]

1. e4 c5 2. Nf3 e6 3. d4 cxd4 4. Nxd4 a6 5. Bd3 Qc7 6. O-O Nf6 7. c4 Nc6 8.
Nxc6 dxc6 9. f4 Bc5+ 10. Kh1 e5 11. f5 O-O 12. Qe2 Rd8 13. Nd2 Ng4 14. Qxg4
Rxd3 15. Nb3 Be7 16. Qe2 Rd8 17. c5 a5 18. Be3 a4 19. Nd2 Qa5 20. Rfd1 Bd7 21.
Qc4 Qb5 22. Rab1 Be8 23. b3 1/2-1/2

[Event "Bayern-chTT (LL Nord)"]
[Site "Bayern 2008/09"]
[Date "2009.03.01"]
[Round "7.2"]
[White "Barth, Norbert Dr"]
[Black "Reis, Gerhard"]
[Result "0-1"]
[WhiteElo "2208"]
[BlackElo "2149"]
[PlyCount "58"]
[EventDate "2009.03.??"]
[EventType "team-tourn"]
[EventRounds "9"]
[WhiteTeam "Schwandorf 1"]
[BlackTeam "Zirndorf 1"]

1. e4 c5 2. Nf3 e6 3. d4 cxd4 4. Nxd4 Nf6 5. Nc3 Nc6 6. Ndb5 d6 7. Bf4 e5 8.
Bg5 a6 9. Bxf6 gxf6 10. Na3 b5 11. Nd5 f5 12. Bd3 Be6 13. O-O Bg7 14. Qh5 f4
15. c4 bxc4 16. Nxc4 Rb8 17. Rac1 Nd4 18. Rc3 O-O 19. Ra3 Bxd5 20. exd5 f5 21.
Rxa6 e4 22. Bb1 Rf6 23. Ra7 Rg6 24. Rd1 Qf6 25. Nxd6 Qxd6 26. Rxd4 Qc5 27.
Rxg7+ Kxg7 28. Rd1 Rxb2 29. Qh4 Rg4 0-1

[Event "Bayern-chTT (LL Nord)"]
[Site "Bayern 2008/09"]
[Date "2009.03.01"]
[Round "7.3"]
[White "Seibold, Hubert Dr"]
[Black "Votruba, Pavel"]
[Result "1-0"]
[WhiteElo "2148"]
[BlackElo "2110"]
[PlyCount "73"]
[EventDate "2009.03.??"]
[EventType "team-tourn"]
[EventRounds "9"]
[WhiteTeam "Zirndorf 1"]
[BlackTeam "Schwandorf 1"]

1. e4 g6 2. d4 Bg7 3. Nc3 d6 4. f4 c6 5. Nf3 Nf6 6. Bd3 O-O 7. O-O b5 8. Qe1 b4
9. Ne2 a5 10. Qh4 d5 11. e5 Ne8 12. a3 bxa3 13. Rxa3 f5 14. Bd2 c5 15. dxc5 Qc7
16. b4 Nc6 17. Kh1 Rb8 18. bxa5 Qa7 19. Rfa1 Nc7 20. h3 Ne6 21. Ng5 h6 22. Nxe6
Bxe6 23. Qg3 Kh7 24. h4 h5 25. Qe3 Rfc8 26. Rb3 d4 27. Nxd4 Nxd4 28. Rxb8 Nxc2
29. Bxc2 Rxb8 30. c6 Qa6 31. c7 Rc8 32. Bd3 Qa8 33. Qc5 Bd5 34. Bf1 e6 35. Rc1
Bf8 36. Qb5 Kh6 37. Bb4 1-0

[Event "Bayern-chTT (LL Nord)"]
[Site "Bayern 2008/09"]
[Date "2009.03.01"]
[Round "7.4"]
[White "Jehl, Guenter"]
[Black "Mueller, Marcus(72)"]
[Result "1-0"]
[WhiteElo "2076"]
[BlackElo "2112"]
[PlyCount "105"]
[EventDate "2009.03.??"]
[EventType "team-tourn"]
[EventRounds "9"]
[WhiteTeam "Schwandorf 1"]
[BlackTeam "Zirndorf 1"]

1. d4 Nf6 2. e3 c5 3. c3 e6 4. Bd3 Be7 5. Nd2 O-O 6. Qe2 d6 7. Ngf3 Nbd7 8. O-O
a6 9. a4 Re8 10. Rd1 Qc7 11. e4 e5 12. dxe5 dxe5 13. Nc4 h6 14. a5 Bf8 15. Bc2
Re6 16. Bb3 Rb8 17. Ne3 Re8 18. Qc4 Re6 19. Qe2 Re8 20. Nh4 b5 21. c4 Qc6 22.
f3 Bb7 23. Nhf5 g6 24. Nh4 Qe6 25. Rd3 b4 26. Nd5 Red8 27. Be3 Bxd5 28. cxd5
Qd6 29. Bc4 Ne8 30. g3 Kh7 31. Kh1 Nc7 32. Qd2 Nb5 33. Qf2 Nf6 34. Re1 Rdc8 35.
Qg2 Be7 36. f4 Ng4 37. Bd2 Bxh4 38. h3 exf4 39. Bxf4 Ne5 40. gxh4 Qe7 41. Bxe5
Qxe5 42. Rf1 Nd6 43. Bxa6 Rc7 44. Rdf3 Ra8 45. Bd3 Rxa5 46. h5 Kg7 47. hxg6
fxg6 48. Rf6 Qxf6 49. Rxf6 Kxf6 50. Qg3 Rd7 51. e5+ Ke7 52. Qxg6 Ne8 53. Qe6+
1-0

[Event "Bayern-chTT (LL Nord)"]
[Site "Bayern 2008/09"]
[Date "2009.03.01"]
[Round "7.5"]
[White "Heimrath, Wolfgang"]
[Black "Dirmeier, Matthias"]
[Result "1-0"]
[WhiteElo "2088"]
[BlackElo "1947"]
[PlyCount "65"]
[EventDate "2009.03.??"]
[EventType "team-tourn"]
[EventRounds "9"]
[WhiteTeam "Zirndorf 1"]
[BlackTeam "Schwandorf 1"]

1. e4 c6 2. d4 d5 3. exd5 cxd5 4. c4 Nf6 5. Nc3 Nc6 6. c5 Bg4 7. f3 Bd7 8. Bb5
e5 9. Bxc6 Bxc6 10. b4 exd4 11. Qxd4 Qd7 12. Rb1 a6 13. Nge2 Be7 14. O-O O-O
15. Rd1 Rfd8 16. Nf4 Qf5 17. Re1 Qd7 18. Nd3 Ne8 19. Bf4 Nc7 20. Be5 Ne6 21.
Qg4 f6 22. Bg3 Kf7 23. Qf5 Nd4 24. Ne5+ Kg8 25. Nxd7 Nxf5 26. Nb6 Ra7 27. Bc7
Re8 28. g4 Nd4 29. Kf2 Kf7 30. Ncxd5 Nc2 31. Rxe7+ Rxe7 32. Nxe7 Kxe7 33. Bb8
1-0

[Event "Bayern-chTT (LL Nord)"]
[Site "Bayern 2008/09"]
[Date "2009.03.01"]
[Round "7.6"]
[White "Stoeckl, Stephan"]
[Black "Zuehlke, Burkhard Dr"]
[Result "1/2-1/2"]
[WhiteElo "1976"]
[BlackElo "2029"]
[PlyCount "80"]
[EventDate "2009.03.??"]
[EventType "team-tourn"]
[EventRounds "9"]
[WhiteTeam "Schwandorf 1"]
[BlackTeam "Zirndorf 1"]

1. Nf3 d6 2. c4 e5 3. Nc3 f5 4. d3 Nf6 5. g3 g6 6. Bg2 Bg7 7. O-O c6 8. Rb1 O-O
9. b4 Qe7 10. Qb3 h6 11. b5 c5 12. Nd2 Kh7 13. Bb2 Nbd7 14. a4 Rb8 15. a5 Rd8
16. Rbe1 Nf8 17. e3 Be6 18. f4 Qd7 19. e4 exf4 20. gxf4 Bf7 21. Nd5 Nxd5 22.
exd5 Bg8 23. Nf3 Re8 24. Kf2 Qf7 25. Bc3 Nd7 26. Qb2 Bf6 27. Bxf6 Nxf6 28. Qd2
Nh5 29. Rxe8 Rxe8 30. Re1 Rxe1 31. Nxe1 Qe7 32. Nf3 Kg7 33. Qb2+ Kf7 34. Qd2
Kf8 35. Qe3 Bf7 36. Qxe7+ Kxe7 37. Ke3 b6 38. a6 Nf6 39. h3 Nd7 40. d4 Kf6
1/2-1/2

[Event "Bayern-chTT (LL Nord)"]
[Site "Bayern 2008/09"]
[Date "2009.03.01"]
[Round "7.7"]
[White "Wiemer, Peter"]
[Black "Lautner, Juergen"]
[Result "1-0"]
[WhiteElo "2089"]
[BlackElo "1942"]
[PlyCount "47"]
[EventDate "2009.03.??"]
[EventType "team-tourn"]
[EventRounds "9"]
[WhiteTeam "Zirndorf 1"]
[BlackTeam "Schwandorf 1"]

1. e4 c5 2. c3 Nf6 3. e5 Nd5 4. d4 cxd4 5. Nf3 e6 6. cxd4 d6 7. Nc3 Nxc3 8.
bxc3 Qc7 9. Bd2 Nc6 10. exd6 Bxd6 11. Bd3 O-O 12. O-O e5 13. Rc1 h6 14. Re1 Be6
15. Bb1 Rae8 16. Bxh6 gxh6 17. d5 e4 18. Rxe4 Bd7 19. dxc6 Bxc6 20. Rg4+ Kh8
21. Qd2 Re6 22. Rh4 Kg7 23. Nd4 Rf6 24. Nf5+ 1-0

[Event "Bayern-chTT (LL Nord)"]
[Site "Bayern 2008/09"]
[Date "2009.03.01"]
[Round "7.8"]
[White "Dotzauer, Ernst"]
[Black "Bildt, Thomas"]
[Result "0-1"]
[WhiteElo "1770"]
[BlackElo "1985"]
[PlyCount "110"]
[EventDate "2009.03.??"]
[EventType "team-tourn"]
[EventRounds "9"]
[WhiteTeam "Schwandorf 1"]
[BlackTeam "Zirndorf 1"]

1. d4 d5 2. Nf3 Nf6 3. Bg5 c6 4. c3 h6 5. Bh4 Bf5 6. Nbd2 Nbd7 7. e3 Ne4 8.
Nxe4 Bxe4 9. Bd3 Qb6 10. Rb1 g5 11. Bg3 Bxd3 12. Qxd3 Bg7 13. O-O O-O 14. b4 f5
15. h3 Rae8 16. Ne5 Nxe5 17. Bxe5 Qb5 18. Qc2 Bxe5 19. dxe5 Qc4 20. f4 e6 21.
Rbd1 c5 22. a3 cxb4 23. axb4 Rc8 24. Rd3 Qxb4 25. Qe2 Qe7 26. Qh5 Kh7 27. Rb1
Qf7 28. Qf3 Rc7 29. Qg3 Qg7 30. Qf3 Rfc8 31. fxg5 Qxg5 32. Rd4 b6 33. g4 Rxc3
34. Re1 R8c4 35. Rxc4 Rxc4 36. Ra1 a5 37. Rb1 fxg4 38. Qf7+ Qg7 39. Qxg7+ Kxg7
40. Rxb6 Kf7 41. Rb7+ Kg6 42. hxg4 Rxg4+ 43. Kf2 Re4 44. Ra7 a4 45. Kf3 h5 46.
Re7 Rxe5 47. Ra7 Re4 48. Ra6 Kf5 49. Ra7 h4 50. Rf7+ Ke5 51. Ra7 Kd6 52. Ke2
Kc5 53. Kd3 Kb4 54. Rb7+ Ka3 55. Kd2 Ka2 0-1

[Event "Bayern-chTT (LL Nord)"]
[Site "Bayern 2008/09"]
[Date "2009.03.15"]
[Round "8.1"]
[White "Kraft, Volker(62)"]
[Black "Giessmann, Stephan(73)"]
[Result "1-0"]
[WhiteElo "2395"]
[BlackElo "2129"]
[PlyCount "119"]
[EventDate "2009.03.??"]
[EventType "team-tourn"]
[EventRounds "9"]
[WhiteTeam "Zirndorf 1"]
[BlackTeam "Kelheim 1"]

1. e4 e6 2. Nf3 d5 3. Nc3 d4 4. Ne2 c5 5. c3 Nc6 6. cxd4 cxd4 7. Qa4 Bc5 8. b4
Bxb4 9. Nexd4 Qa5 10. Bb5 Bd7 11. Rb1 Qxa4 12. Bxa4 Nxd4 13. Rxb4 Nxf3+ 14.
gxf3 Bxa4 15. Rxa4 Ne7 16. Ba3 f6 17. Rg1 g6 18. d4 Nc6 19. Bb2 b5 20. Ra3 Kf7
21. Kd2 Rhd8 22. Ke3 a5 23. Rc3 Rac8 24. Rgc1 Ne7 25. Rc5 Rxc5 26. Rxc5 Rb8 27.
Rc7 Rc8 28. Rb7 b4 29. Kd3 h5 30. Ra7 a4 31. Rxa4 Nc6 32. d5 exd5 33. exd5 Rd8
34. Kc4 Ne7 35. Ra7 Ke8 36. Bxf6 Rc8+ 37. Kd4 Nf5+ 38. Ke5 Rc2 39. Ke6 Re2+ 40.
Be5 Nd4+ 41. Kf6 Nxf3 42. Re7+ Kf8 43. Bd6 Rxe7 44. Bxe7+ Ke8 45. h3 Ng1 46. h4
Nf3 47. Ke6 Nd4+ 48. Ke5 b3 49. axb3 Nxb3 50. Ke6 Nd4+ 51. Kf6 Kd7 52. d6 Ne6
53. Kxg6 Nf4+ 54. Kg5 Nh3+ 55. Kxh5 Nxf2 56. Kg6 Ke6 57. h5 Nd3 58. h6 Nf4+ 59.
Kg7 Nh5+ 60. Kg8 1-0

[Event "Bayern-chTT (LL Nord)"]
[Site "Bayern 2008/09"]
[Date "2009.03.15"]
[Round "8.2"]
[White "Kreuzer, Helmut"]
[Black "Reis, Gerhard"]
[Result "1-0"]
[WhiteElo "2194"]
[BlackElo "2149"]
[PlyCount "125"]
[EventDate "2009.03.??"]
[EventType "team-tourn"]
[EventRounds "9"]
[WhiteTeam "Kelheim 1"]
[BlackTeam "Zirndorf 1"]

1. d4 Nf6 2. c4 g6 3. Nc3 d5 4. Nf3 Bg7 5. Qb3 dxc4 6. Qxc4 O-O 7. e4 Na6 8.
Bg5 c5 9. d5 Qb6 10. Rb1 e6 11. Qb5 exd5 12. Qxb6 axb6 13. Bxf6 Bxf6 14. Nxd5
Bd8 15. Bc4 Be6 16. a3 b5 17. Bxb5 Bxd5 18. exd5 Nc7 19. Bd7 Ra6 20. O-O Nxd5
21. Rfd1 Nb6 22. Bb5 Ra5 23. Bf1 Na4 24. Ne5 Bc7 25. Nd7 Rd8 26. Nf6+ Kg7 27.
Rxd8 Bxd8 28. Nd5 Bf6 29. Nxf6 Kxf6 30. g3 Ke5 31. h4 Kd6 32. Bc4 f6 33. Rd1+
Kc7 34. Rd2 Nb6 35. Bg8 h6 36. Bf7 g5 37. Kg2 Ra4 38. h5 Nd7 39. Rc2 Rd4 40. b4
Kb6 41. Be6 cxb4 42. axb4 Ne5 43. Rc8 Rd6 44. Bf5 Nc6 45. Rh8 Nd4 46. Bg6 Kb5
47. Rxh6 Kxb4 48. Rh7 b5 49. Rf7 g4 50. Be4 Re6 51. Bb7 Re5 52. h6 f5 53. Bc8
Re8 54. Bxf5 Nxf5 55. Rxf5 Rh8 56. Rf6 Kc3 57. f3 gxf3+ 58. Kxf3 b4 59. Rb6 b3
60. g4 b2 61. g5 Kc2 62. Kg4 Rd8 63. h7 1-0

[Event "Bayern-chTT (LL Nord)"]
[Site "Bayern 2008/09"]
[Date "2009.03.15"]
[Round "8.3"]
[White "Seibold, Hubert Dr"]
[Black "Fuhrmann, Max(90)"]
[Result "1/2-1/2"]
[WhiteElo "2148"]
[BlackElo "2134"]
[PlyCount "72"]
[EventDate "2009.03.??"]
[EventType "team-tourn"]
[EventRounds "9"]
[WhiteTeam "Zirndorf 1"]
[BlackTeam "Kelheim 1"]

1. e4 c6 2. d4 d5 3. Nc3 dxe4 4. Nxe4 Bf5 5. Ng3 Bg6 6. Nf3 Nd7 7. h4 h6 8. h5
Bh7 9. Bd3 Bxd3 10. Qxd3 e6 11. Bf4 Qa5+ 12. Bd2 Qc7 13. O-O-O Ngf6 14. Kb1
O-O-O 15. Ne4 Nxe4 16. Qxe4 Bd6 17. c4 Nf6 18. Qe2 c5 19. Bc3 cxd4 20. Nxd4 a6
21. Nb3 Bc5 22. g4 Be7 23. Be5 Qc6 24. f3 Rxd1+ 25. Rxd1 Rd8 26. Rxd8+ Bxd8 27.
Qd3 Qd7 28. Kc2 Qxd3+ 29. Kxd3 g6 30. Bf4 gxh5 31. gxh5 Nxh5 32. Bxh6 Bf6 33.
Bc1 Ng7 34. Nc5 Nf5 35. b3 Be7 36. Ne4 Kd7 1/2-1/2

[Event "Bayern-chTT (LL Nord)"]
[Site "Bayern 2008/09"]
[Date "2009.03.15"]
[Round "8.4"]
[White "Eibl, Maximilian"]
[Black "Heimrath, Wolfgang"]
[Result "1-0"]
[WhiteElo "1992"]
[BlackElo "2088"]
[PlyCount "45"]
[EventDate "2009.03.??"]
[EventType "team-tourn"]
[EventRounds "9"]
[WhiteTeam "Kelheim 1"]
[BlackTeam "Zirndorf 1"]

1. e4 c6 2. d4 d5 3. f3 dxe4 4. fxe4 e5 5. Nf3 Be6 6. c3 Nf6 7. Bd3 Nbd7 8. Ng5
exd4 9. Nxe6 fxe6 10. cxd4 e5 11. O-O Qb6 12. Qe2 O-O-O 13. a4 a5 14. Na3 Bb4
15. Nc4 Qa7 16. Kh1 exd4 17. Bd2 Nc5 18. e5 Rhe8 19. Bxb4 axb4 20. Qf3 Nd5 21.
Nd6+ Rxd6 22. exd6 Ne3 23. Qf7 1-0

[Event "Bayern-chTT (LL Nord)"]
[Site "Bayern 2008/09"]
[Date "2009.03.15"]
[Round "8.5"]
[White "Zuehlke, Burkhard Dr"]
[Black "Kreuzer, Gerhard"]
[Result "1-0"]
[WhiteElo "2029"]
[BlackElo "2189"]
[PlyCount "88"]
[EventDate "2009.03.??"]
[EventType "team-tourn"]
[EventRounds "9"]
[WhiteTeam "Zirndorf 1"]
[BlackTeam "Kelheim 1"]

1. d4 Nf6 2. c4 c5 3. d5 e6 4. Nc3 exd5 5. cxd5 d6 6. e4 g6 7. Nf3 Bg7 8. Be2
Bg4 9. Bg5 a6 10. a4 Bxf3 11. Bxf3 Nbd7 12. O-O O-O 13. Be2 Re8 14. Qc2 Qc7 15.
Rfe1 Rab8 16. Bf1 h6 17. Bf4 Nh5 18. Be3 c4 19. a5 Nhf6 20. f3 Rbc8 21. Ra4 b5
22. axb6 Nxb6 23. Rxa6 Nfxd5 24. Nxd5 Nxd5 25. exd5 Rxe3 26. Rxe3 Qc5 27. Qe4
Bd4 28. Raa3 Bxb2 29. Ra2 Bd4 30. Kf2 Rb8 31. Ke2 c3 32. Rc2 Rb1 33. Rd3 Bf2
34. Rdxc3 Re1+ 35. Kd3 Qb5+ 36. Qc4 Qb1 37. Be2 Rxe2 38. Qc8+ Kg7 39. Kxe2 Qe1+
40. Kd3 Qf1+ 41. Re2 Qd1+ 42. Rd2 Qb1+ 43. Rcc2 Bc5 44. Qe8 Qb6 1-0

[Event "Bayern-chTT (LL Nord)"]
[Site "Bayern 2008/09"]
[Date "2009.03.15"]
[Round "8.6"]
[White "Frieser, Klaus"]
[Black "Wiemer, Peter"]
[Result "1/2-1/2"]
[WhiteElo "2107"]
[BlackElo "2089"]
[PlyCount "49"]
[EventDate "2009.03.??"]
[EventType "team-tourn"]
[EventRounds "9"]
[WhiteTeam "Kelheim 1"]
[BlackTeam "Zirndorf 1"]

1. d4 Nf6 2. c4 d6 3. Nc3 e5 4. dxe5 dxe5 5. Qxd8+ Kxd8 6. g3 c6 7. Bh3 Nbd7 8.
Nf3 Bb4 9. Bd2 Re8 10. Rd1 h6 11. a3 Bf8 12. b4 Kc7 13. O-O Nb6 14. Bxc8 Raxc8
15. c5 Nc4 16. Bc1 b6 17. Nd2 Nxd2 18. cxb6+ axb6 19. Rxd2 Red8 20. Rfd1 Rxd2
21. Rxd2 b5 22. Kg2 Rd8 23. Rxd8 Kxd8 24. Kf3 Kd7 25. e4 1/2-1/2

[Event "Bayern-chTT (LL Nord)"]
[Site "Bayern 2008/09"]
[Date "2009.03.15"]
[Round "8.7"]
[White "Bildt, Thomas"]
[Black "Maurer, Heinrich(46)"]
[Result "0-1"]
[WhiteElo "1985"]
[BlackElo "2063"]
[PlyCount "80"]
[EventDate "2009.03.??"]
[EventType "team-tourn"]
[EventRounds "9"]
[WhiteTeam "Zirndorf 1"]
[BlackTeam "Kelheim 1"]

1. e4 c5 2. Nc3 Nc6 3. f4 e6 4. Nf3 d5 5. e5 Nh6 6. Bb5 Bd7 7. O-O Be7 8. Kh1
O-O 9. b3 f5 10. exf6 Bxf6 11. Bxc6 Bxc6 12. d4 Nf5 13. Ne2 Qb6 14. c3 Bb5 15.
g4 cxd4 16. gxf5 dxc3 17. Ne5 Bxe5 18. fxe5 d4 19. h3 d3 20. Nxc3 Qc6+ 21. Kh2
Qxc3 22. Bf4 Rxf5 23. Qg4 Qb2+ 24. Qg2 Qxg2+ 25. Kxg2 Raf8 26. Bd2 Rxe5 27.
Rxf8+ Kxf8 28. Re1 Rxe1 29. Bxe1 e5 30. Kf3 Bc6+ 31. Ke3 e4 32. h4 Kf7 33. Kf2
h6 34. Bd2 Ke6 35. Bc3 g5 36. hxg5 hxg5 37. Ke3 Kf5 38. Be1 Kg4 39. Kf2 Kh3 40.
Bd2 g4 0-1

[Event "Bayern-chTT (LL Nord)"]
[Site "Bayern 2008/09"]
[Date "2009.03.15"]
[Round "8.8"]
[White "Weigert, Wilhelm"]
[Black "Zwingel, Stephan"]
[Result "0-1"]
[WhiteElo "1993"]
[BlackElo "1956"]
[PlyCount "68"]
[EventDate "2009.03.??"]
[EventType "team-tourn"]
[EventRounds "9"]
[WhiteTeam "Kelheim 1"]
[BlackTeam "Zirndorf 1"]

1. c4 c5 2. Nc3 Nc6 3. g3 g6 4. Bg2 Bg7 5. Nf3 Nf6 6. O-O O-O 7. d4 d6 8. d5
Na5 9. Qd3 a6 10. Rb1 b5 11. b3 b4 12. Bd2 bxc3 13. Qxc3 Nb7 14. Qe3 Bf5 15.
Rbe1 Ng4 16. Qf4 Bh6 17. Qxh6 Nxh6 18. Bxh6 Re8 19. e4 Bg4 20. Ng5 f6 21. h3
Bd7 22. Ne6 Qc8 23. f4 Nd8 24. f5 Nf7 25. Be3 a5 26. h4 a4 27. fxg6 hxg6 28.
Nf4 Ne5 29. h5 gxh5 30. Ne6 Bxe6 31. dxe6 Qxe6 32. Rf5 axb3 33. axb3 Qf7 34.
Ref1 Qg6 0-1

[Event "Bayern-chTT (LL Nord)"]
[Site "Bayern 2008/09"]
[Date "2009.03.15"]
[Round "8.1"]
[White "Muehling, Werner"]
[Black "Priborsky, Jan"]
[Result "0-1"]
[WhiteElo "2131"]
[BlackElo "2357"]
[PlyCount "116"]
[EventDate "2009.03.??"]
[EventType "team-tourn"]
[EventRounds "9"]
[WhiteTeam "Schwandorf 1"]
[BlackTeam "Kötzting 1"]

1. d4 Nf6 2. c4 g6 3. Nc3 d5 4. Nf3 Bg7 5. Bg5 Ne4 6. cxd5 Nxg5 7. Nxg5 e6 8.
Nf3 exd5 9. b4 O-O 10. e3 c6 11. Bd3 Bg4 12. Rc1 Qe7 13. b5 Bxd4 14. bxc6 bxc6
15. O-O Bg7 16. h3 Bxf3 17. Qxf3 Qa3 18. Nxd5 cxd5 19. Qxd5 Na6 20. Bc4 Nb4 21.
Qf3 Rad8 22. Rfd1 Rxd1+ 23. Rxd1 Nxa2 24. Kh2 Qa4 25. Bf1 Nc3 26. Rd2 a5 27.
Ba6 Qe4 28. Qxe4 Nxe4 29. Ra2 Bc3 30. Rc2 Bb4 31. Bb7 Nc3 32. Rd2 Rb8 33. Ba6
Rb6 34. Rd8+ Kg7 35. Bc4 Rc6 36. Bb3 a4 37. Bc2 Ra6 38. Rd7 Bc5 39. Kg1 a3 40.
Bb3 Ra7 41. Rxa7 Bxa7 42. Kf1 a2 43. Bxa2 Nxa2 44. Ke2 Kf6 45. Kd3 Nb4+ 46. Ke4
Ke6 47. Kf3 Ke5 48. Ke2 Ke4 49. Kd2 Bb6 50. Ke2 Kd5 51. Kf3 Nd3 52. Ke2 Kc4 53.
Kf3 Ba5 54. Ke2 Ne1 55. g3 Kd5 56. f3 Kc4 57. f4 f6 58. Kf2 Kd3 0-1

[Event "Bayern-chTT (LL Nord)"]
[Site "Bayern 2008/09"]
[Date "2009.03.15"]
[Round "8.2"]
[White "Priborsky, Ivo"]
[Black "Votruba, Pavel"]
[Result "1/2-1/2"]
[WhiteElo "2263"]
[BlackElo "2110"]
[PlyCount "27"]
[EventDate "2009.03.??"]
[EventType "team-tourn"]
[EventRounds "9"]
[WhiteTeam "Kötzting 1"]
[BlackTeam "Schwandorf 1"]

1. e4 g6 2. d4 Bg7 3. Nc3 d6 4. f4 a6 5. Nf3 b5 6. a4 b4 7. Na2 a5 8. c3 bxc3
9. bxc3 Nf6 10. e5 Nd5 11. c4 Nb6 12. Ba3 O-O 13. Be2 Na6 14. c5 1/2-1/2

[Event "Bayern-chTT (LL Nord)"]
[Site "Bayern 2008/09"]
[Date "2009.03.15"]
[Round "8.3"]
[White "Jehl, Guenter"]
[Black "Muehlbauer, Andreas(80)"]
[Result "1-0"]
[WhiteElo "2076"]
[BlackElo "2110"]
[PlyCount "73"]
[EventDate "2009.03.??"]
[EventType "team-tourn"]
[EventRounds "9"]
[WhiteTeam "Schwandorf 1"]
[BlackTeam "Kötzting 1"]

1. d4 Nf6 2. e3 g6 3. Bd3 Bg7 4. Nd2 d5 5. Ngf3 Nbd7 6. c3 O-O 7. O-O c5 8. b4
b6 9. a4 e5 10. Bb5 e4 11. Ne1 Qc7 12. bxc5 bxc5 13. Ba3 Re8 14. Nb3 c4 15. Nc5
a6 16. Bxd7 Nxd7 17. Rb1 Bf8 18. Nc2 Nxc5 19. dxc5 Be6 20. Nd4 Rab8 21. Rxb8
Rxb8 22. f4 Bxc5 23. Bxc5 Qxc5 24. f5 Bxf5 25. Qe1 Bd7 26. Qg3 Rb2 27. h4 Qe7
28. h5 Kg7 29. Rf5 Rb1+ 30. Kh2 Rb6 31. Rxd5 Bc8 32. a5 Rf6 33. Re5 Qc7 34. h6+
Kxh6 35. Rh5+ Kxh5 36. Qxc7 Be6 37. Qe5+ 1-0

[Event "Bayern-chTT (LL Nord)"]
[Site "Bayern 2008/09"]
[Date "2009.03.15"]
[Round "8.4"]
[White "Sott, Pavel"]
[Black "Dirmeier, Matthias"]
[Result "1-0"]
[WhiteElo "2116"]
[BlackElo "1947"]
[PlyCount "47"]
[EventDate "2009.03.??"]
[EventType "team-tourn"]
[EventRounds "9"]
[WhiteTeam "Kötzting 1"]
[BlackTeam "Schwandorf 1"]

1. e4 c6 2. d4 d5 3. Nc3 dxe4 4. Nxe4 Bf5 5. Ng3 Bg6 6. Nf3 Nd7 7. Bd3 Bxd3 8.
Qxd3 Ngf6 9. O-O e6 10. Bg5 Be7 11. Rad1 O-O 12. Rfe1 h6 13. Bxf6 Bxf6 14. Ne5
Qe7 15. Qb3 Rab8 16. c4 Rfd8 17. Ng4 Qd6 18. d5 exd5 19. cxd5 cxd5 20. Rxd5 Qf4
21. h3 Bh4 22. Rf5 Qd2 23. Rd1 Nc5 24. Qxf7+ 1-0